2003 Songs - Statistics

General Stats
  • This quiz has been taken 41 times
  • The average score is 14 of 30
Answer Stats
Song Artist % Correct
Crazy in Love Beyoncé & Jay-Z
94%
In Da Club 50 Cent
90%
Hey Ya! OutKast
87%
Clocks Coldplay
77%
Bring Me to Life Evanescence & Paul McCoy
77%
Seven Nation Army The White Stripes
77%
Numb Linkin Park
68%
Where Is the Love? Black Eyed Peas
65%
White Flag Dido
65%
Rock Your Body Justin Timberlake
61%
Are You Gonna Be My Girl Jet
52%
I'm With You Avril Lavigne
48%
American Life Madonna
48%
It's My Life No Doubt
45%
Sing for the Moment Eminem
42%
Behind Blue Eyes Limp Bizkit
42%
Can't Stop Red Hot Chili Peppers
42%
Me Against the Music Britney Spears & Madonna
39%
Here Without You 3 Doors Down
32%
Times Like These Foo Fighters or Jack Johnson
32%
Trouble P!nk
32%
Unwell Matchbox Twenty
29%
Like a Stone Audioslave
26%
I Know What You Want Busta Rhymes & Mariah Carey
26%
I'm Glad Jennifer Lopez
26%
Can't Hold Us Down Christina Aguilera & Lil Kim
23%
Someday Nickelback
19%
Sexed Up Robbie Williams
10%
Perfect Simple Plan
6%
I Want You Thalía & Fat Joe
3%
No matching quizzes found
Score Distribution
Percent of People with Each Score
Percentile by Number Answered
Your Score History
You have not taken this quiz